Statistics for Ming Dynasty Empire Quiz

Click here to take the quiz!

General Stats

  • This quiz has been taken 45 times
    (42 since last reset)
  • The average score is 4 of 15

Answer Stats

QuestionAnswer% Correct
What was the Capital of Ming?Beijing
90%
Which Admiral sailed the Indian OceanZheng He
77%
What religion was the empireBuddhism
42%
What religion was the Ming admiralIslam
39%
What country did the Chinese admiral invade against the Kingdom of KotteSri Lanka
35%
where is the Admiral statue located?Nanjing
26%
What was the first country did the Admiral sail toVietnam
16%
What were the colours of the flag?Yellow,Black,White
13%
Who was the prince?Zhu Di
13%
who was the emperor of the dynastyZhu Yuanzhang
13%
What emperor was captured by the MongolsEmperor Zhengtong
10%
What dynasty overthrew the MingQing Empire
10%
What name did the Ming call the oceanWestern Ocean
10%
What was the name of the Ming HatWushamao
10%
What Empire did Ming break from?Yuan Empire
10%

Score Distribution

Percentile by Number Answered

Percent of People with Each Score

Your Score History

You have not taken this quiz since the last reset